| 000 | 00377 a2200169 4500 | ||
|---|---|---|---|
| 001 | 161496 | ||
| 020 | _a85-7056-362-0 | ||
| 040 | _cMagnum | ||
| 100 | _aSavana, LĂdia | ||
| 240 | 1 | 0 |
_aQuem tem medo de pesadelos? _lpor |
| 245 | 1 | 0 | _aQuem tem medo de pesadelos? |
| 300 | _a65 | ||
| 362 | 0 | _a1991 | |
| 440 | 1 | _aAtual | |
| 697 | _aLITERATURA INFANTO-JUVENIL | ||
| 942 | _cBK | ||
| 999 |
_c161496 _d161496 |
||